| 000 | 00842nam a22001337a 4500 | ||
|---|---|---|---|
| 003 | NUST | ||
| 005 | 20221230145136.0 | ||
| 082 | _a355.309549,PAK | ||
| 245 |
_aPakistan Army Green Book -2019/ _cGHQ Rawalpindi |
||
| 260 |
_aRawalpindi, _bGHQ _c2019 |
||
| 300 | _a192p. | ||
| 505 | _aChanging Global Scenario (Page-01), The Hybrid Challenge (Page-10), Reappraisal of the principles of war (Page-30), Lawfare as an instrument of foreign policy (Page-43), Pakistan and the shifting configuration of Geo Polictics (Page-50), Impatact of EPEC on Pakistan in social (Page-62), Strategic Transformation of the Pakistan Cconomy throuth special economic zones (Page-78), Tackling Terrorism (Page-114), National Response to cyber threats (Page-168), Mineral wealth of Pakistan (Page-177), The last post (Page-190). | ||
| 942 |
_2ddc _cBK _k355.309549,PAK |
||
| 999 |
_c592861 _d592861 |
||